Sor María del Divino Corazón. Religiosa del Buen Pastor 1863-1899

Uloženo v:
Podrobná bibliografie
Hlavní autor: Chasle, Luis (Autor)
Médium: Kniha
Jazyk:španělština
Vydáno: París Gabriel Beauchesne 1910
Témata:
Tagy: Přidat tag
Žádné tagy, Buďte první, kdo vytvoří štítek k tomuto záznamu!

MARC

LEADER 00000nam a2200000 a 4500
001 UCI4620
003 CL-VaPUC
008 080125e19100000FR |||||||||||||||||spa|d
082 0 4 |a 922.2  |b CHA  |2 21 
100 0 |a Chasle, Luis  |e author  |9 526601 
245 1 0 |a Sor María del Divino Corazón. Religiosa del Buen Pastor 1863-1899 
300 |a 386 p 
942 |c BK 
945 |d 20080125 00:00:00  |a rbrito 
260 |a París  |b Gabriel Beauchesne  |c 1910 
500 |a Donación Padres Capuchinos 
600 0 7 |a SOR MARIA DEL DIVINO CORAZON  |2 CL-VaPUC  |9 526602 
650 0 |a Biografías  |9 255210 
650 0 |a Vida religiosa  |9 257284 
583 |a last modification  |c 20080125 00:00:00  |k Rodrigo Vera 
999 |c 328524  |d 328522 
952 |0 0  |1 0  |4 0  |6 922_200000000000000_CHA_1910  |7 0  |8 X  |9 412454  |a FDOBUD  |b FDOBUD  |d 2019-11-22  |i 4404904  |o 922.2 CHA 1910  |p 4404904  |r 2019-11-22  |w 2019-11-22  |y BK_X  |k BUD